Imię Damskie bez litery "O" - Statystyki

Ogólne statystyki
  • Ten quiz został rozwiązany 282 razy
  • Średni wynik to 4 z 14
Statystyki odpowiedzi
Hint Odpowiedź % Poprawnych
7. Barbara
52%
11. Magdalena
52%
13. Agnieszka
45%
4. Iza
43%
14. Teresa
31%
12. Danuta
30%
10. Dagmara
28%
6. Gabriela
28%
5. Laura
28%
1. Żaklina
21%
8. Klementyna
14%
3. Bernadetta
11%
2. Wirginia
7%
9. Adelajda
5%
Nie znaleziono quizów pasujących do podanych kryteriów
Rozkład punktacji
Procent ludzi z każdym wynikiem
Percentyl według liczby udzielonych odpowiedzi
Twoja historia wyników
Nie rozwiązałeś tego quizu